| 000 | 00629nam a2200241Ia 4500 | ||
|---|---|---|---|
| 005 | 20240426150845.0 | ||
| 008 | 131103s9999 xx 000 0 und d | ||
| 020 | _a416611400 | ||
| 040 | _aLoreto College | ||
| 041 | _aEnglish | ||
| 082 |
_a371.3 _bSTO |
||
| 100 | _aStones,E. | ||
| 245 |
_aTeaching Practice _cE.Stones and S. Morris |
||
| 250 | _a problems and perspectives | ||
| 260 |
_aLondon _bMethuen & Co Ltd. _c1973 |
||
| 300 | _aix,300p. | ||
| 504 | _aIncludes bibliographical references and index | ||
| 650 | _aEducation | ||
| 651 | _aTeaching | ||
| 700 | _aMorris,S. | ||
| 850 | _aLCBED | ||
| 942 | _cBK | ||
| 999 |
_c37081 _d87560 |
||